000 00880nam a2200241Ia 4500
003 OSt
005 20220923225028.0
006 a|||||r|||| 00| 0
007 ta
008 220922b |||||||| |||| 00| 0 hin d
024 _a255,382
037 _cTextual
040 _aARTS
_cARTS
_bhin
041 _2hin
_ahin
082 _aPU2:N2, 152K7.1;1(TTPH)
100 _aग्रियर्सन, सर जार्ज अब्राहम
_9168308
245 0 _aभारत का भाषा सर्वेक्षण
246 _aBhārat kā bhāṣhā sarvekṣhaṇa
260 _aउत्तर प्रदेश
_b प्रकाशन शाखा
300 _a312पृ.
_ccm.
942 _hPU2:N2, 152K7.1;1(TTPH)
_cTEXL
_2CC
999 _c375500
_d375500